| 000 | 00351nam a2200157Ia 4500 | ||
|---|---|---|---|
| 008 | 210210b1931 xxu||||| |||| 00| 0 eng d | ||
| 041 | _aeng | ||
| 082 | _a828/516 | ||
| 100 | _aPROSERPIO (L) | ||
| 245 | _aSwamikannu Pillai | ||
| 260 |
_aMangalore _b- _c1931 |
||
| 650 | _aSwamikannu | ||
| 650 | _aPillai | ||
| 690 | _aBiography | ||
| 906 | _a016361 | ||
| 999 |
_c135863 _d135863 |
||